000 00668nam a2200181Ia 4500
008 151018s9999 xx 000 0 und d
082 _bRBASDV25581
_a891.463
100 _aसंजय सोनवणी
245 _aडेथ आँफ प्राईम मिनिस्टर
250 _b1
260 _bपुष्प प्रकाशन पुणे
_c1990
300 _a139
600 _aसंजय सोनवणी
630 _aडेथ आँफ प्राईम मिनिस्टर
700 _aसंजय सोनवणी
730 _aडेथ आँफ प्राईम मिनिस्टर
942 _cBOOK
999 _c1025194
_d1025191